Biblioteca

The World God Made: The story of creation / Alyce Bergey, il. : Obata Studio (Registro nro. 48016)

Detalles MARC
000 -LÍDER
Campo fijo de descripción fija 004160000a22001570004500
020 ## - NÚMERO INTERNACIONAL NORMALIZADO PARA LIBROS
Número Internacional Normalizado del libro 0-570-06011-7
082 04 - NÚMERO DE CLASIFICACIÓN DECIMAL DEWEY
Número de clasificación GI CTH B453w
001 - NÚMERO DE CONTROL
Campo de control 812
100 1# - ASIENTO PRINCIPAL--NOMBRE PERSONAL
Nombre personal Bergey, Alyce
245 10 - TÍTULO
Título del Material The World God Made: The story of creation / Alyce Bergey, il. : Obata Studio
260 ## - PUBLICACIÓN, DISTRIBUCIÓN, ETC. (PIE DE IMPRENTA)
Lugar de publicación, distribución, etc. Missouri : Concordia Publishing
300 ## - DESCRIPCIÓN FÍSICA
Extensión [ 32 P.]
650 14 - ASIENTO SECUNDARIO DE MATERIA - TERMINO TEMÁTICO
Término temático o nombre geográfico como elemento de entrada Literatura Infantil
942 ## - TIPO DE MATERIAL (KOHA)
Tipo de Item KOHA Z- Libro General BINCO
Existencias
Estado de Material Estado de Perdido Volumen-Parte/Tomo Estado de Dañado No para Préstamo Tomo Biblioteca de Origen Biblioteca Permanente Fecha de Adquisición Total de Préstamos Signatura Topográfica Código de Barras Última vez visto Ejemplar/Existencia Fecha de Remplazo Tipo de Material
            Biblioteca Infantil Comunitaria BINCO Biblioteca Infantil Comunitaria BINCO 17/04/2006   GI CTH B453w B30326 24/11/2016 1 26/01/2016 Z- Libro General BINCO

Biblioteca FUSBC | Teléfono: (57+4) 349 88 10 Ext. 141| WhatsApp (+57) 3005338115 
E-mail: biblioteca@unisbc.edu.co | Calle 76 87-14 Robledo Palenque, Medellín, Colombia

Con tecnología Koha